ARRUPE JESUIT UNIVERSITY

CORONAVIRUS -STOP THE SPREAD - CLEAN,DISINFECT,COVER

La Solitude, (Record no. 129109)

MARC details
000 -LEADER
fixed length control field 00919cam a22002771 4500
001 - CONTROL NUMBER
control field 6144888
003 - CONTROL NUMBER IDENTIFIER
control field ARRUPE
005 - DATE AND TIME OF LATEST TRANSACTION
control field 20190305095432.0
008 - FIXED-LENGTH DATA ELEMENTS--GENERAL INFORMATION
fixed length control field 771230s1967 fr b 000 0 fre
010 ## - LIBRARY OF CONGRESS CONTROL NUMBER
LC control number 67105878
035 ## - SYSTEM CONTROL NUMBER
System control number (OCoLC)3525373
040 ## - CATALOGING SOURCE
Original cataloging agency DLC
Transcribing agency IC
Modifying agency DLC
042 ## - AUTHENTICATION CODE
Authentication code premarc
050 00 - LIBRARY OF CONGRESS CALL NUMBER
Classification number BJ1499.S6
Item number C4
082 ## - DEWEY DECIMAL CLASSIFICATION NUMBER
Classification number 248.2/72
300 ## - PHYSICAL DESCRIPTION
Other physical details 20 cm.
100 1# - MAIN ENTRY--PERSONAL NAME
Personal name Certeau, Michel de.
9 (RLIN) 3776
245 13 - TITLE STATEMENT
Title La Solitude,
Remainder of title une vérité oubliée de la communication
Statement of responsibility, etc [par] Michel de Certeau ... François Roustang ... [Réunion d'études diverses.]
260 ## - PUBLICATION, DISTRIBUTION, ETC. (IMPRINT)
Place of publication, distribution, etc Paris,
Name of publisher, distributor, etc Desclée, De Brouwer,
Date of publication, distribution, etc 1967.
300 ## - PHYSICAL DESCRIPTION
Extent 259 p.
490 0# - SERIES STATEMENT
Series statement Collection Christus, no. 25. Essais
504 ## - BIBLIOGRAPHY, ETC. NOTE
Bibliography, etc Bibliographical footnotes.
650 #0 - SUBJECT ADDED ENTRY--TOPICAL TERM
Topical term or geographic name as entry element Solitude.
9 (RLIN) 35988
700 1# - ADDED ENTRY--PERSONAL NAME
Personal name Roustang, François.
9 (RLIN) 44937
906 ## - LOCAL DATA ELEMENT F, LDF (RLIN)
a 7
b cbc
c oclcrpl
d u
e ncip
f 19
g y-gencatlg
942 ## - ADDED ENTRY ELEMENTS (KOHA)
Source of classification or shelving scheme Library of Congress Classification
Koha item type Monograph ( Printed materials)
Holdings
Withdrawn status Lost status Source of classification or shelving scheme Damaged status Not for loan Collection code Home library Current library Shelving location Date acquired Total Checkouts Full call number Barcode Date last seen Price effective from Koha item type
    Library of Congress Classification     Main Collection ARRUPE LIBRARY ARRUPE LIBRARY Main Collection 05/03/2019   BJ1499.S6 C4 46600004042 05/03/2019 05/03/2019 Monograph ( Printed materials)

 

Arrupe Library. PO Box MP320 Mt Pleasant, Harare, Zimbabwe
263 242 745411|librarian@aju.ac.zw